=LDR 00000nam 2200000 4500 =001 INLIS000000000032588 =005 20130612134605 =008 ***********************************ind** =035 ##$$0010-061300000032588 =041 ##$$a ind =082 ##$$a F Rom K =090 ##$$a F Rom K, Sha k =100 ##$$a SHABIRA, Aghina Nada =245 ##$$a Kecil-kecil punya karya, Game yang berbahaya, Aghina nada Shabira; Penyunting, Dadan R =260 ##$$a 2009 $b Bandung =300 ##$$a 164 hlm, illus, 20 cm =650 ##$$a Fiksi Kanak-Kanak =700 ##$$a Dadan R =850 ##$$a NBPNMAT